000 00663nam a22002177a 4500
100 _aYusof, N.H.
245 _aSoluble protein-free natural rubber latex prepared using guanidine hydrochloride as a denaturant
260 _bJournal of Rubber Research, 26(2): 2023. 99-109.
300 _bMay
650 _aFresh field natural rubber latex
650 _aGuanidine hydrochloride
650 _aExtractable proteins
650 _aAntigenic proteins
650 _aSoluble protein-free natural rubber
650 _aPurified natural rubber
700 _aIbrahim, N
700 _aTan, K.S.
700 _aRahim, R.A.
700 _aRasdi, F.R.M
942 _cJS
999 _c75251
_d75251